TfL London Underground - District Line - Statistics

General Stats
  • This quiz has been taken 86 times
  • The average score is 41 of 60
Answer Stats
Answer % Correct
Earl's Court
86%
Upminster
86%
Richmond
84%
Wimbledon
84%
Ealing Broadway
80%
Mile End
80%
Tower Hill
80%
West Ham
80%
Aldgate East
78%
Barking
78%
East Ham
78%
Victoria
78%
Putney Bridge
76%
Blackfriars
73%
Embankment
73%
Westminster
73%
Whitechapel
73%
Bromley-By-Bow
71%
Dagenham East
71%
Gloucester Road
71%
High Street Kensington
71%
Monument
71%
Sloane Square
71%
South Kensington
71%
Temple
71%
Ealing Common
69%
Hammersmith
69%
Stepney Green
69%
Upminster Bridge
69%
Bow Road
67%
East Putney
67%
Edgware Road
67%
Fulham Broadway
67%
Paddington
67%
Parsons Green
67%
Upney
67%
Upton Park
67%
Dagenham Heathway
65%
Kew Gardens
65%
West Kensington
65%
Turnham Green
63%
West Brompton
63%
Wimbledon Park
63%
Barons Court
61%
Cannon Street
61%
Hornchurch
61%
Mansion House
61%
Notting Hill Gate
61%
Ravenscourt Park
61%
Chiswick Park
59%
Elm Park
59%
Plaistow
59%
Acton Town
57%
Becontree
57%
Kensington Olympia
55%
Southfields
55%
St James's Park
55%
Stamford Brook
53%
Gunnersbury
51%
Bayswater
49%
No matching quizzes found
Score Distribution
Percent of People with Each Score
Percentile by Number Answered
Your Score History
You have not taken this quiz